Vista normal
Vista MARC
- Bioética
Entrada Tema o Materia
Número de registros utilizados en: 3
001 - NUMERO DE CONTROL
- Campo de control: 7287
003 - IDENTIFICADOR DEL NUMERO DE CONTROL
- Campo de control: SpMaBN
005 - HORA Y FECHA DE LA ULTIMA TRANSACCIÓN
- Campo de control: 20220708172040.0
008 - CAMPO DE LONGITUD FIJA
- Campo fijo de descripción fija: 020903 n anznnbabn a ana
016 ## -
- : BNE20021920350
024 7# -
- : http://id.loc.gov/authorities/subjects/sh97008967
- : lcsh
024 7# -
- : http://lemac.sgcb.mcu.es/Autoridades/LEMAC201203806/concept
- : lemac
040 ## -
- : SpMaBN
- : spa
- : SpMaBN
- : rdc
- : embne
042 ## -
- : 20110927
150 ## - ENCABEZAMIENTO DE MATERIA-TEMA
- Téma o Materia: Bioética
- Subdivisión General: Aspectos religiosos
360 ## - REFERENCIA COMPLEJA DE "VÉASE ADEMÁS" - MATERIA
- Texto explicativo: Véase además el encabezamiento
- Encabezamiento hacia el que refiere el envío: Bioética-Aspectos religiosos
- Texto explicativo: seguido de subencabezamiento de denominación religiosa
- Encabezamiento hacia el que refiere el envío: Bioética-Aspectos religiosos-Budismo
550 ## - REFERENCIA DE ENVIO "VEASE ADEMAS" - MATERIA
- Encabezamiento temático o nombre geográfico como elemento de entrada: Religión y ciencia
670 ## - FUENTE EN LA QUE SE LOCALIZARON DATOS
- Cita de la fuente : LCSH
- Información localizada : (Bioethics-Religious aspects)
750 #7 - ASIENTO LIGADO AL ENCABEZAMIENTO - TEMATICO
- Encabezamiento temático : Bioethics-Religious aspects
- Source of heading or term: lcsh
750 #7 - ASIENTO LIGADO AL ENCABEZAMIENTO - TEMATICO
- Encabezamiento temático : Bioètica-Aspectes religiosos
- Source of heading or term: lemac
901 ## -
- : LAEMBNE
961 ## -
- : Bioética
- : Aspectos religiosos
